000 00448nam a2200169 i 4500
001 bgj
245 0 0 _aAmerican Folk Song Heritage.
260 _aWashington D.C. :
_bUnited States Information Agency,
_c1991.
300 _a43 pp :
_bill. ;
_c27 cm.
650 9 _aMusic in education
650 9 _aFolk song
_zUnited States
655 _aCollections
040 _cBPK
041 0 _aeng
942 _cKS
008 s uk f |000 0 eng
999 _c49355
_d49355
856 _uhttp://koha.tu.koszalin.pl/cgi-bin/koha/opac-detail.pl?biblionumber=49355
_yKatalog online BPK